000
00371nam a2200133Ia 4500
008
151001s9999||||xx |||||||||||||| ||und||
100
_a
उन्मेष
245
_a
साने गुरुजी
250
_a
1
260
_b
वैशाली प्रकाशन मध्यप्रदेश
260
_c
2004
300
_a
40
365
_b
21
999
_c
983104
_d
983101